000 00640nam a2200193 i 4500
001 101488
003 ES-MaACL
005 20250811100110.0
007 t|
008 051019s1971 sp ||||1| spa d
100 1 _aMediavilla, José Luis.
_979678
245 1 0 _aPensamiento político y neurosis
_b: otros escritos /
_cJosé Luis Mediavilla ; prólogo del profesor José M. Villacián.
260 _aOviedo :
_bLa Mandrágora,
_c1971.
300 _a163 p., 2 lám. ;
_c21 cm.
650 0 7 _aPsiquiatría
_2embne
_916586
700 1 _aVillacián Rebollo, José María.
_9114908
852 _aES-MaACL
_jC-39137
999 _c101488
_d101488